| 000 | 00462nam a2200169Ia 4500 | ||
|---|---|---|---|
| 001 | 18798 | ||
| 008 | 140407s9999 xx 000 0 und d | ||
| 040 | _cPK-LaUMT | ||
| 082 |
_aR 030 _bKEE- |
||
| 100 | _aRobert Fraser | ||
| 110 | _aKeesing's Publications | ||
| 245 |
_aKeesing's contemporary archives: _bRecord of world events. _cRobert Fraser |
||
| 260 |
_aLondon,UK: _bKeesing's Publications Limited, _c1983 |
||
| 505 | _gXXIX | ||
| 546 | _aEN | ||
| 942 | _cBK | ||
| 999 |
_c19186 _d19186 |
||